000 00956cam a2200265 i 4500
001 bg
003 BPK
005 20200424135039.0
008 970903s1989 pl a f f |000 0 pol
015 _aPB 1990/3606
040 _aWA N
_cBPK
080 _a621.317
080 _a(075.8)
245 0 0 _aZbiór zadań z podstaw miernictwa :
_bpraca zbiorowa /
_cpod red. Henryka Gierasimowicza ; [aut.] Jacek Dusza [et al.].
260 _aWarszawa :
_bWydawnictwa Politechniki Warszawskiej,
_c1989.
300 _a114, [1] s. :
_brys., wykr. ;
_c24 cm.
504 _aBibliogr. s. [115].
650 4 _aElektrotechnika
_xpomiary.
655 4 _aPodręczniki akademickie
700 1 _aGierasimowicz, Henryk.
_eRed.
700 1 _aDusza, Jacek.
710 2 _aWydawnictwa Politechniki Warszawskiej
_4pbl.
856 _uhttp://koha.tu.koszalin.pl/cgi-bin/koha/opac-detail.pl?biblionumber=4250
_yKatalog online BPK
942 _2UKD
_cKS
999 _c4250
_d4250